000 00513nam a2200157 a 4500
001 000045185
005 20201002045940.0
008 150209s1990 dr a 000 0 spa d
040 _aDO-SdBNP
_bspa
_cBNPHU
082 _axxxx
_bxxxx
100 1 _aHolguín - Veras Tabar, Oscar
_937844
245 1 0 _aGrum grum el centolla /
_cOscar Holguín-Veras Tabar ; ilustración Amaury Villalba.
260 _aSanto Domingo :
_bAlfa & Omega,
_c1990.
300 _a74 p. :
_bil. ;
_c28 cm.
700 1 2 _aVillalba, Amaury,
_eil.
_9534
999 _c44674
_d44674